Los mejores refranes de la lengua castellana/Plutón Ediciones (Registro nro. 19301)

Detalles MARC
000 -LEADER
fixed length control field 00600nam a22002171a 4500
001 - CONTROL NUMBER
control field 19301
003 - CONTROL NUMBER IDENTIFIER
control field OSt
005 - DATE AND TIME OF LATEST TRANSACTION
control field 20260204212447.0
008 - FIXED-LENGTH DATA ELEMENTS--GENERAL INFORMATION
fixed length control field 190405s2011||||sp ||||||b||||||||||spa||
020 ## - NUMERO DE LIBRO INTERNACIONAL NORMALIZADO
International Standard Book Number 9788415089230
082 ## - DEWEY DECIMAL CLASSIFICATION NUMBER
Classification number 808.882 P737m
100 ## - ASIENTO PRINCIPAL -- NOMBRE PERSONAL
Personal name Plutón Ediciones
245 ## - TÍTULO PROPIAMENTE DICHO: SUBTÍTULO
Title Los mejores refranes de la lengua castellana/Plutón Ediciones
250 ## - MENCIÓN DE EDICIÓN
Edition statement 5 quinta ediciones
264 ## - PRODUCTION, PUBLICATION, DISTRIBUTION, MANUFACTURE, AND COPYRIGHT NOTICE
Place of production, publication, distribution, manufacture Barcelona,España : Plutón
300 ## - PHYSICAL DESCRIPTION
Extensión 253 páginas
500 ## - GENERAL NOTE
General note Colección Eterna
505 ## - NOTA DE CONTENIDO
Formatted contents note Incluye índice
650 ## - ASIENTO SECUNDARIO DE MATERIA -- TERMINO TEMÁTICO
Termino Temático Como Elemento de Entrada 1.Citas españolas 2.Palabras y frasesÌ
942 ## - ADDED ENTRY ELEMENTS (KOHA)
Source of classification or shelving scheme Dewey Decimal Classification
Koha item type Libros
Existencias
Withdrawn status Lost status Source of classification or shelving scheme Damaged status Not for loan Current library Date acquired Total Checkouts Full call number Barcode Date last seen Price effective from Koha item type
    Dewey Decimal Classification     Biblioteca UTECO 09/09/2019   808.882 P737M 018926 09/09/2019 09/09/2019 Libros
    Dewey Decimal Classification     Biblioteca UTECO 09/09/2019   808.882 P737M 018927 09/09/2019 09/09/2019 Libros
    Dewey Decimal Classification     Biblioteca UTECO 09/09/2019   808.882 P737M 018928 09/09/2019 09/09/2019 Libros
© 2021 Derechos Reservados UTECO - Teléfono: +1 809-585-2291 - Correo electrónico: biblioteca@uteco.edu.do​  
Código postal 43000 ​​
Dirección: Avenida Universitaria No. 100, 
Cotuí, Provincia Sánchez Ramírez, República Dominicana - RNC: 404-00059-6